000 01570cam a22003977i 4500
001 4032
003 FISKH
005 20240531154044.0
008 150420s2010 caua j 000 0 eng d
010 _a 2010913850
020 _a9780982993804
020 _a9780545650977
020 _a0982993803
035 _a(OCoLC)ocn698130854
040 _aIKG
_beng
_cIKG
_erda
_dUPM
_dBKX
_dYDXCP
_dXY4
_dBDX
_dCQA
_dOCLCF
_dIXA
_dOCLCO
_dDLC
042 _alccopycat
050 0 0 _aQP361.5
_b.D43 2010
082 0 0 _a612.8/2
_223
100 1 _aDeak, JoAnn M.,
_eauthor.
245 1 0 _aYour fantastic elastic brain :
_bstretch it, shape it /
_cby JoAnn Deak, Ph.D. ; illustrated by Sarah Ackerley.
250 _aFirst Scholastic printing, October 2013
260 _aNew York :
_bScholastic,
_c2010
300 _a40 unnumbered pages :
_bcolor illustrations ;
_c23 cm
505 _aR
520 _aThis innovative and timely picture book teaches children that they have the ability to stretch and grow their own brains. It also delivers the crucial message that mistakes are an essential part of learning. The book introduces children to the anatomy and various functions of the brain in a fun and engaging way.--
521 8 _a700
_bLexile
521 8 _aR
_bRaz-Plus
650 0 _aBrain
_vJuvenile literature.
650 0 _aBrain
_xAnatomy
_vJuvenile literature.
650 1 _aBrain.
650 1 _aBrain
_xAnatomy.
700 1 _aAckerley, Sarah,
_d1981-
_eillustrator.
906 _a7
_bcbc
_ccopycat
_d2
_eepcn
_f20
_gy-gencatlg
942 _2ddc
_cBK
_n0
999 _c4032
_d4032